00483nam a2200169Ia 450000500170000000800410001702000150005808200130007310000130008624500280009926000460012730000110017365000130018494200060019795200950020399900150029820240607010353.0240331s9999 xx 000 0 und d a8188789461 bPINa371 aPinter,H 0aArt, Truth and Politics bThree Essays Collective c2006aNew Delhi a23 p., aPolitics cL 001040708LaWERCLbWERCLcSSCd2024-03-31l0o 371 PINp6726r2024-03-31w2024-03-31yL c5726d5726